| 000 | 00368nam a22001577a 4500 | ||
|---|---|---|---|
| 003 | OSt | ||
| 005 | 20240305155811.0 | ||
| 008 | 220706b xxu||||| |||| 00| 0 eng d | ||
| 020 | _a978-9332557185 | ||
| 040 | _cIIMT UNIVERSITY, MEERUT | ||
| 100 | _aKOTLER, P | ||
| 245 | _aMARKETING MANAGEMENT | ||
| 260 |
_aPHI _bNEW DELHI _c2000 |
||
| 300 | _a918 | ||
| 942 |
_2ddc _c02 |
||
| 999 |
_c52850 _d52850 |
||